| 000 | 00501nam a22001577a 4500 | ||
|---|---|---|---|
| 999 |
_c9256 _d9256 |
||
| 008 | 210331b ||||| |||| 00| 0 eng d | ||
| 040 | _aBMS College of Architecture | ||
| 100 | _aShekhar, Shyamanta | ||
| 245 | _aThe legislative assembly of Meghalaya at Mawdingdieng | ||
| 300 | _a39p. | ||
| 500 | _a1BM01AT030 | ||
| 502 |
_8B.Arch _NBMS College of Architecture, Visvesvaraya Technological University _aProject report _d2005 |
||
| 650 | _aMeghalaya | ||
| 700 |
_aSatish Rao _eGuide |
||
| 942 |
_2ddc _cTHE |
||